000 00729nam a22002297a 4500
005 20170124105916.0
010 _aB-159139
020 _a9788176297073
_c1450.00
035 _aB-159139
037 _bCen Lib/Ret
040 _aDPL
_bEN
082 _a070.43
_bSHA
100 _aSharma, Diwakar
_9106757
245 _aModern Journalism reporting and writing /
_cby Diwakar Sharma
260 _aNew Delhi
_bDeep and Deep Publications
_c2005
270 _aF-159,Rajouri Garden
_bNew Delhi
_e110027
300 _axiii,681p.
_c24cm(Hb)
500 _aIncludes bibliographical reference and index
650 _aMass Communication
_9106758
650 _aPrint Media-Genesis
_92483
942 _2ddc
_cEN
_h070.43
_mSHA
999 _c122820
_d122820